[Event "Calle rapid op"]
[Site "Calle"]
[Date "2024.03.10"]
[Round "5"]
[White "Urquijo Prada, Santiago"]
[Black "Vargas, Mauricio"]
[Result "1/2-1/2"]
[WhiteElo "1876"]
[BlackElo "2028"]
[PlyCount "89"]
[EventDate "2024.03.10"]
[EventType "swiss (rapid)"]
[EventRounds "6"]
[EventCountry "COL"]
[SourceTitle "CB11_2024"]
[SourceDate "2024.03.13"]
[SourceVersion "1"]
[SourceVersionDate "2024.03.13"]
[SourceQuality "1"]

1. d4 Nf6 2. Nf3 d6 3. Bg5 Nbd7 4. c4 e5 5. Nc3 Be7 6. e3 c6 7. a3 0-0 8. Qc2 h6 9. Bh4 exd4 10. Nxd4 g6 11. Bd3 Ne5 12. Be2 a6 13. 0-0 Kg7 14. Rad1 Qc7 15. b4 Bd7 16. Rd2 Rac8 17. Rfd1 b5 18. c5 dxc5 19. Bxf6+ Bxf6 20. bxc5 Rcd8 21. h3 Be6 22. f4 Nc4 23. Nxe6+ fxe6 24. Bxc4 bxc4 25. Ne4 Rxd2 26. Rxd2 Qa5 27. Qxc4 Qxa3 28. Rd3 Qa1+ 29. Kh2 Re8 30. Rd7+ Kf8 31. Qd3 Re7 32. Rxe7 Bxe7 33. Qd7 Qc1 34. Nd6 Bxd6 35. Qxd6+ Kf7 36. Qc7+ Kf8 37. Qd6+ Kf7 38. Qd7+ Kf6 39. g4 Qxe3 40. Qd8+ Kf7 41. Qd7+ Kf8 42. Qd8+ Kf7 43. Qd7+ Kf6 44. Qd8+ Kf7 45. Qd6 1/2-1/2

[Event "Teusaquillo Rapid op"]
[Site "Teusaquillo"]
[Date "2023.03.05"]
[Round "9"]
[White "Gomez Bernal, Juan Sebastian"]
[Black "Urquijo Prada, Santiago"]
[Result "0-1"]
[WhiteElo "1280"]
[BlackElo "1712"]
[PlyCount "105"]
[EventDate "2023.03.04"]
[EventType "swiss (rapid)"]
[EventRounds "9"]
[EventCountry "COL"]
[SourceTitle "CBM 213 Extra"]
[Source "ChessBase"]
[SourceDate "2023.05.31"]
[SourceVersion "1"]
[SourceVersionDate "2023.05.31"]
[SourceQuality "1"]

1. e4 c6 2. d4 d5 3. Nc3 dxe4 4. Nxe4 Nd7 5. Nf3 Ngf6 6. Bd3 Nxe4 7. Bxe4 Nf6 8. Bd3 Bg4 9. c3 e6 10. Bg5 Be7 11. h3 Bh5 12. g4 Bg6 13. Bxg6 hxg6 14. Qd2 Nxg4 15. Bxe7 Qxe7 16. 0-0-0 Nf6 17. c4 0-0-0 18. Qa5 Kb8 19. c5 Nd5 20. Rd3 Nc7 21. Ne5 Rh5 22. Ra3 Nb5 23. Rb3 Rxe5 24. dxe5 Qxc5+ 25. Rc3 Qd4 26. Rc2 Rd5 27. Rd2 Qe4 28. Rxd5 Qxd5 29. Rd1 Qc5+ 30. Kb1 b6 31. Qa6 Nd4 32. Qd3 Nf5 33. Qd8+ Kb7 34. Qd7+ Ka6 35. Rd3 Qc4 36. Ra3+ Kb5 37. Rb3+ Ka5 38. Ra3+ Kb4 39. Qd2+ Kb5 40. Rb3+ Ka4 41. Rc3 Qe4+ 42. Ka1 c5 43. Qd1+ Kb5 44. Rb3+ Kc6 45. Rd3 Nd4 46. Qa4+ Kd5 47. Qd7+ Kxe5 48. Qc7+ Kf6 49. Qd8+ Kf5 50. Rxd4 Qxd4 51. Qxd4 cxd4 52. Kb1 Ke4 53. Kc1 0-1

[Event "Teusaquillo Rapid op"]
[Site "Teusaquillo"]
[Date "2023.03.05"]
[Round "6"]
[White "Urquijo Prada, Santiago"]
[Black "Marulanda, Carlos Andres"]
[Result "0-1"]
[WhiteElo "1712"]
[BlackElo "1795"]
[PlyCount "68"]
[EventDate "2023.03.04"]
[EventType "swiss (rapid)"]
[EventRounds "9"]
[EventCountry "COL"]
[SourceTitle "CBM 213 Extra"]
[Source "ChessBase"]
[SourceDate "2023.05.31"]
[SourceVersion "1"]
[SourceVersionDate "2023.05.31"]
[SourceQuality "1"]

1. d4 Nf6 2. Bg5 c5 3. e3 cxd4 4. exd4 Ne4 5. Bf4 Qb6 6. Nc3 Qb4 7. Bd2 Qxd4 8. Nh3 Nxd2 9. Qxd2 Nc6 10. 0-0-0 Qxd2+ 11. Rxd2 g6 12. Nd5 Bh6 13. f4 0-0 14. Bb5 e6 15. Nf6+ Kh8 16. Nxd7 Rd8 17. Bxc6 bxc6 18. Ne5 Rxd2 19. Kxd2 Kg8 20. Nxc6 Bb7 21. Nxa7 Bxg2 22. Ra1 Rxa7 23. Ng5 e5 24. Ke3 exf4+ 25. Kxf4 Ra5 26. h4 f6 27. Kg3 fxg5 28. Kxg2 gxh4 29. b4 Ra3 30. b5 h3+ 31. Kh1 Be3 32. c4 g5 33. Re1 g4 34. Re2 g3 0-1

[Event "Teusaquillo Rapid op"]
[Site "Teusaquillo"]
[Date "2023.03.04"]
[Round "2"]
[White "Urquijo Prada, Santiago"]
[Black "Angulo, Ariolfo"]
[Result "1-0"]
[WhiteElo "1712"]
[BlackElo "2005"]
[PlyCount "69"]
[EventDate "2023.03.04"]
[EventType "swiss (rapid)"]
[EventRounds "9"]
[EventCountry "COL"]
[SourceTitle "CBM 213 Extra"]
[Source "ChessBase"]
[SourceDate "2023.05.31"]
[SourceVersion "1"]
[SourceVersionDate "2023.05.31"]
[SourceQuality "1"]

1. d4 e6 2. c4 d5 3. cxd5 exd5 4. Nc3 Nf6 5. Bg5 Be7 6. Nf3 0-0 7. e3 Re8 8. Be2 Nbd7 9. 0-0 c6 10. Rc1 Nf8 11. Na4 Ne4 12. Bf4 Ng6 13. Bg3 Bg4 14. Qc2 Bf8 15. Rfd1 Rc8 16. Nc5 Bxc5 17. dxc5 Nxg3 18. hxg3 Qf6 19. Nd4 Bxe2 20. Qxe2 Re4 21. Qf3 Qg5 22. Qf5 Qd8 23. Rc3 Qc7 24. b4 a6 25. a4 Rce8 26. Rdc1 Qe5 27. Qxe5 R4xe5 28. b5 axb5 29. axb5 cxb5 30. Nxb5 h6 31. Nd6 Rb8 32. Rb1 Ne7 33. c6 Re6 34. c7 Rf8 35. c8Q 1-0

[Event "Cali Valle Colombia op-B"]
[Site "Cali Valle Colombia"]
[Date "2022.12.27"]
[Round "2"]
[White "Urquijo Prada, Santiago"]
[Black "Moreno Castillo, Juan Sebastian"]
[Result "1-0"]
[WhiteElo "1567"]
[BlackElo "1512"]
[PlyCount "65"]
[EventDate "2022.12.26"]
[EventType "swiss"]
[EventRounds "8"]
[EventCountry "COL"]
[SourceTitle "CBM 211 Extra"]
[Source "ChessBase"]
[SourceDate "2023.01.31"]
[SourceVersion "1"]
[SourceVersionDate "2023.01.31"]
[SourceQuality "1"]

1. d4 e5 2. d5 Nf6 3. c4 Bc5 4. Nc3 0-0 5. e4 c6 6. Bg5 h6 7. Bh4 d6 8. Be2 Nbd7 9. Nf3 Qc7 10. a3 Bb6 11. b4 a5 12. 0-0 axb4 13. axb4 Rxa1 14. Qxa1 Bd4 15. Qa3 Bxc3 16. Qxc3 Nxe4 17. Qd3 Ndf6 18. Rd1 Bg4 19. Bxf6 Nxf6 20. dxc6 e4 21. Qxd6 Qxd6 22. Rxd6 bxc6 23. Nd4 Bxe2 24. Nxe2 Rc8 25. Nd4 Ra8 26. h3 Ra6 27. Rxc6 Rxc6 28. Nxc6 Nd7 29. Kf1 Kf8 30. Ke2 Nb6 31. c5 Na4 32. Ke3 f5 33. Kd4 1-0

[Event "Sabaneta op-B 1st"]
[Site "Sabaneta"]
[Date "2022.11.26"]
[Round "2"]
[White "Urquijo Prada, Santiago"]
[Black "Ramos Ariza, Juan Manuel"]
[Result "0-1"]
[WhiteElo "1567"]
[BlackElo "1952"]
[PlyCount "50"]
[EventDate "2022.11.25"]
[EventType "swiss"]
[EventRounds "8"]
[EventCountry "COL"]
[SourceTitle "CBM 211 Extra"]
[Source "ChessBase"]
[SourceDate "2023.01.31"]
[SourceVersion "1"]
[SourceVersionDate "2023.01.31"]
[SourceQuality "1"]

1. d4 Nf6 2. c4 e6 3. Nf3 b6 4. g3 Bb7 5. Bg2 g6 6. Nc3 Ne4 7. Qc2 Nxc3 8. bxc3 Bg7 9. Bg5 Qc8 10. e4 0-0 11. 0-0 Nc6 12. Nd2 h6 13. Be3 d6 14. f4 Ne7 15. Rfe1 c6 16. g4 d5 17. e5 c5 18. Rac1 Qc7 19. Qb2 Rfd8 20. Qa3 dxc4 21. Nxc4 Bxg2 22. Kxg2 Qc6+ 23. Kg1 Qf3 24. g5 Nd5 25. Rf1 Qe2 0-1

[Event "Ibague Blitz op"]
[Site "Ibague"]
[Date "2022.10.08"]
[Round "6"]
[White "Palacios Gordillo, Camila Estefania"]
[Black "Urquijo Prada, Santiago"]
[Result "0-1"]
[WhiteElo "1527"]
[BlackElo "1748"]
[PlyCount "96"]
[EventDate "2022.10.08"]
[EventType "swiss (blitz)"]
[EventRounds "9"]
[EventCountry "COL"]
[SourceTitle "CBM 210 Extra"]
[Source "ChessBase"]
[SourceDate "2022.11.30"]
[SourceVersion "1"]
[SourceVersionDate "2022.11.30"]
[SourceQuality "1"]

1. d4 d5 2. c4 e6 3. Nc3 Nf6 4. cxd5 exd5 5. Bg5 c6 6. e3 Bf5 7. Qb3 Qb6 8. Qxb6 axb6 9. Bxf6 gxf6 10. Be2 Bb4 11. Nf3 Rg8 12. g3 h5 13. Kd2 Nd7 14. a3 Bxc3+ 15. bxc3 b5 16. Ne1 h4 17. Nd3 Bxd3 18. Bxd3 Nb6 19. Ra2 Nc8 20. Bc2 Nd6 21. a4 Ke7 22. Rha1 hxg3 23. hxg3 bxa4 24. Rxa4 Rxa4 25. Rxa4 Rh8 26. Ke2 Rh2 27. Bd3 Ke6 28. Ra8 Ke7 29. Rb8 Rh1 30. Ra8 Rc1 31. Ra3 f5 32. Rb3 Kf6 33. Kf3 b5 34. Kg2 Ne4 35. Bxe4 fxe4 36. Ra3 Ke6 37. Rb3 Kd6 38. g4 c5 39. dxc5+ Kxc5 40. Kg3 Rg1+ 41. Kh2 Rxg4 42. Rb1 f5 43. Rc1 f4 44. exf4 Rxf4 45. Kg3 Rf3+ 46. Kg2 Kc4 47. Rc2 Rxc3 48. Rxc3+ Kxc3 0-1

[Event "Ibague Blitz op"]
[Site "Ibague"]
[Date "2022.10.08"]
[Round "4"]
[White "Quevedo Bonilla, Paula Thaliana"]
[Black "Urquijo Prada, Santiago"]
[Result "0-1"]
[WhiteElo "1394"]
[BlackElo "1748"]
[PlyCount "58"]
[EventDate "2022.10.08"]
[EventType "swiss (blitz)"]
[EventRounds "9"]
[EventCountry "COL"]
[SourceTitle "CBM 210 Extra"]
[Source "ChessBase"]
[SourceDate "2022.11.30"]
[SourceVersion "1"]
[SourceVersionDate "2022.11.30"]
[SourceQuality "1"]

1. e4 c6 2. d4 d5 3. Nc3 dxe4 4. Nxe4 Nd7 5. Nf3 Ngf6 6. Nc3 e6 7. Bd3 Bd6 8. Ne4 Nxe4 9. Bxe4 Nf6 10. Bd3 b6 11. Bg5 h6 12. Bh4 Bb7 13. Qe2 Qc7 14. 0-0-0 0-0-0 15. Ne5 g5 16. Bg3 Nd5 17. Rhe1 Rhe8 18. Nc4 Bf4+ 19. Bxf4 Nxf4 20. Qf1 Rxd4 21. Ne3 Red8 22. Be2 Nxe2+ 23. Qxe2 c5 24. Ng4 Qf4+ 25. Ne3 Rxd1+ 26. Rxd1 Rxd1+ 27. Qxd1 Qxf2 28. Nc4 Qf4+ 29. Nd2 Bxg2 0-1

[Event "Medellin Feria de las Flores op"]
[Site "Medellin"]
[Date "2022.08.06"]
[Round "6"]
[White "Urquijo Prada, Santiago"]
[Black "Arrieta Hernandez, Cristian"]
[Result "1/2-1/2"]
[WhiteElo "1588"]
[BlackElo "2168"]
[PlyCount "56"]
[EventDate "2022.08.03"]
[EventType "swiss"]
[EventRounds "9"]
[EventCountry "COL"]
[SourceTitle "CBM 209 Extra"]
[Source "ChessBase"]
[SourceDate "2022.09.30"]
[SourceVersion "1"]
[SourceVersionDate "2022.09.30"]
[SourceQuality "1"]

1. d4 h6 2. c4 c5 3. d5 b5 4. e4 b4 5. b3 d6 6. f4 a5 7. a4 e5 8. Nf3 exf4 9. Bb2 Nf6 10. Bd3 g5 11. e5 dxe5 12. Nxe5 Bg7 13. 0-0 Ra7 14. Re1 Re7 15. Nd2 0-0 16. Qf3 Rfe8 17. Re2 Ng4 18. Nxg4 Rxe2 19. Nxh6+ Bxh6 20. Qh5 R2e6 21. dxe6 Rxe6 22. Bh7+ Kf8 23. Ne4 Qd3 24. Rd1 Qe3+ 25. Kh1 Bb7 26. Bf6 Rxf6 27. Nxf6 f3 28. Qxh6+ Ke7 1/2-1/2

[Event "Medellin Feria de las Flores op"]
[Site "Medellin"]
[Date "2022.08.04"]
[Round "3"]
[White "Hernandez Bermudez, Manuela"]
[Black "Urquijo Prada, Santiago"]
[Result "1-0"]
[WhiteElo "1894"]
[BlackElo "1588"]
[PlyCount "77"]
[EventDate "2022.08.03"]
[EventType "swiss"]
[EventRounds "9"]
[EventCountry "COL"]
[SourceTitle "CBM 209 Extra"]
[Source "ChessBase"]
[SourceDate "2022.09.30"]
[SourceVersion "1"]
[SourceVersionDate "2022.09.30"]
[SourceQuality "1"]

1. e4 c6 2. d4 d5 3. Nc3 dxe4 4. Nxe4 Nd7 5. Ng5 Ngf6 6. Bd3 e6 7. N1f3 h6 8. Nxe6 Qe7 9. 0-0 fxe6 10. Bg6+ Kd8 11. c4 Qd6 12. g3 Qb4 13. b3 Bd6 14. a4 Qa5 15. Bd2 Bb4 16. Bf4 Rf8 17. Qe2 Nh5 18. Bc1 Rf6 19. Nh4 Bc3 20. Rb1 Rxg6 21. Nxg6 Qf5 22. Nh4 Nxg3 23. hxg3 Qxb1 24. Bg5+ hxg5 25. Rxb1 gxh4 26. Qe3 Bb4 27. Qxe6 Nf6 28. Qf7 h3 29. Qxg7 Ng4 30. Qh8+ Kc7 31. Qxh3 Bf5 32. Rb2 Re8 33. Qh5 Re1+ 34. Kg2 Be4+ 35. f3 Ne3+ 36. Kh2 Bf5 37. Rf2 Bd7 38. Qe5+ Bd6 39. Qa5+ 1-0

[Event "Medellin Feria de las Flores op"]
[Site "Medellin"]
[Date "2022.08.04"]
[Round "2"]
[White "Urquijo Prada, Santiago"]
[Black "Sanchez Bermudez, Jeronimo"]
[Result "1-0"]
[WhiteElo "1588"]
[BlackElo "1209"]
[PlyCount "52"]
[EventDate "2022.08.03"]
[EventType "swiss"]
[EventRounds "9"]
[EventCountry "COL"]
[SourceTitle "CBM 209 Extra"]
[Source "ChessBase"]
[SourceDate "2022.09.30"]
[SourceVersion "1"]
[SourceVersionDate "2022.09.30"]
[SourceQuality "1"]

1. d4 d5 2. Nf3 Nf6 3. c4 e6 4. Nc3 Be7 5. Bg5 c6 6. Rc1 0-0 7. e4 dxe4 8. Ne5 Nbd7 9. c5 Nxe5 10. dxe5 Nd5 11. Bxe7 Qxe7 12. Nxe4 Rd8 13. Qf3 Bd7 14. Bd3 f5 15. exf6 Nxf6 16. 0-0 Rf8 17. Rfe1 Nd5 18. Qg3 Nf4 19. Bb1 b6 20. b4 bxc5 21. Nxc5 a5 22. Re4 Qd6 23. Nxd7 Qxd7 24. Rxf4 Qd2 25. Rxf8+ Rxf8 26. Rf1 Qxb4 1-0

[Event "COL-ch U14"]
[Site "Bucaramanga"]
[Date "2022.05.05"]
[Round "3"]
[White "Valencia Lopez, Rudiger Estiven"]
[Black "Urquijo Prada, Santiago"]
[Result "1-0"]
[WhiteElo "1311"]
[BlackElo "1658"]
[PlyCount "71"]
[EventDate "2022.05.04"]
[EventType "swiss"]
[EventRounds "9"]
[EventCountry "COL"]
[SourceTitle "EXT 2023"]
[Source "ChessBase"]
[SourceDate "2022.10.05"]
[SourceVersion "1"]
[SourceVersionDate "2022.10.05"]
[SourceQuality "1"]

1. d4 d5 2. e3 c5 3. c3 Nf6 4. Bd3 Bg4 5. Nf3 e6 6. Nbd2 Nc6 7. Bb5 Rc8 8. 0-0 Bd6 9. Qe1 0-0 10. Bxc6 Rxc6 11. h3 Bf5 12. Kh1 Ne4 13. Qe2 c4 14. Nxe4 dxe4 15. Nd2 Qh4 16. f4 exf3 17. Nxf3 Qe4 18. Ng5 Qd3 19. Qf2 Bg3 20. Qf3 Bh4 21. Rd1 Qc2 22. Rd2 Qa4 23. Ne4 Rd8 24. Qf4 Be7 25. Nc5 Bxc5 26. dxc5 Bd3 27. Rxd3 Rdc8 28. b3 Qa5 29. b4 Qa6 30. Rd4 e5 31. Qxe5 Re6 32. Qc7 Rf8 33. a4 Rg6 34. Rd6 Rxd6 35. cxd6 h6 36. Ba3 1-0

[Event "Soacha op-B"]
[Site "Soacha"]
[Date "2021.09.12"]
[Round "9"]
[White "Urquijo Prada, Santiago"]
[Black "Sanchez Aragon, Michael Alejandro"]
[Result "0-1"]
[WhiteElo "1626"]
[BlackElo "1246"]
[PlyCount "64"]
[EventDate "2021.09.08"]
[EventType "swiss"]
[EventRounds "9"]
[EventCountry "COL"]
[SourceTitle "CBM 204 Extra"]
[Source "ChessBase"]
[SourceDate "2021.11.30"]
[SourceVersion "1"]
[SourceVersionDate "2021.11.30"]
[SourceQuality "1"]

1. d4 Nf6 2. Nf3 e6 3. Bg5 Be7 4. e3 d5 5. Bd3 h6 6. Bh4 Nbd7 7. Nbd2 c5 8. c3 c4 9. Bc2 b5 10. e4 dxe4 11. Nxe4 Bb7 12. Qe2 Bxe4 13. Bxe4 Nxe4 14. Bxe7 Qxe7 15. Qxe4 0-0 16. 0-0 Nf6 17. Qe2 Rfd8 18. Ne5 Qb7 19. f4 Qe4 20. Qxe4 Nxe4 21. f5 exf5 22. Rxf5 Rd5 23. Re1 Nd6 24. Rf3 Re8 25. Rfe3 Nf5 26. R3e2 Rd6 27. g4 Nh4 28. Kf2 Rde6 29. Nc6 Rf6+ 30. Kg3 Rf3+ 31. Kxh4 g5+ 32. Kh5 Rh3# 0-1